000 00566nam a2200217Ia 4500
005 20250923150323.0
008 008 250917s9999 xx 000 0 eng d
037 _aTextual
040 _aDSWL
_beng
_cDSWL
041 _aeng
_2eng
084 _qDSWL
100 _aMohanty,M
_9844668
245 0 _aVoluntarism and governance policy programme and assistance
_cby M Mohanty
260 _aNew Delhi
_bVani
_c2001
300 _a727p.
365 _aINR
_b895
650 _aAnil K Singh
_9844669
925 _g895
942 _cTEXL
999 _c1462147
_d1462147